Keď privátne značky, tak prémiové

V súčasnosti sa imidž privátnych značiek posunul k nálepke výhodnej kvality za rozumnú cenu. Nárast záujmu o privátne značky je zaznamenaný najmä pri čerstvom tovare, pečive, mliečnych a mäsových výrobkoch. Reťazce ako Lidl alebo Kaufland neustále pracujú na tom, aby prinášali zákazníkom nové produk...

Descripción completa

Guardado en:
Detalles Bibliográficos
Autor principal: Kapitánová, Tatiana
Formato: Capítulo de libro
Lenguaje:eslovaco
Materias:
Etiquetas: Agregar Etiqueta
Sin Etiquetas, Sea el primero en etiquetar este registro!

MARC

LEADER 00000naa a2200000 4500
001 0246159
005 20200305093119.0
041 0 |a slo 
044 |a CZ 
245 1 0 |a Keď privátne značky, tak prémiové  |c Tatiana Kapitánová 
520 |a V súčasnosti sa imidž privátnych značiek posunul k nálepke výhodnej kvality za rozumnú cenu. Nárast záujmu o privátne značky je zaznamenaný najmä pri čerstvom tovare, pečive, mliečnych a mäsových výrobkoch. Reťazce ako Lidl alebo Kaufland neustále pracujú na tom, aby prinášali zákazníkom nové produkty s pridanou hodnotou, ako sú nové chute, inovatívne obaly za výhodné ceny a lokálnosť. Napriek tomu sa dá vo všeobecnosti povedať, že cena je pri nákupe privátnej značky kľúčová. 
610 2 0 |a značky privátne 
610 2 0 |a reťazce obchodné 
610 2 0 |a kvalita výrobkov 
610 2 0 |a spokojnosť zákazníkov 
610 2 0 |a Slovensko 
100 1 |a Kapitánová, Tatiana